00775 2200229 4500001002100000005001700021008004100038035002400079082001100103090002200114100001900136245017300155260002900328300003000357500006000387500002800447650002100475850001500496980001300511985000600524999001500530YOGYA-0209000003960920090227025506.0 ind  0010-020900000039609 a346.02 a346.02bBud TlSK aBUDIARTO, Bayu aTinjauan yuridis tentang pelaksanaan perjanjian pinjam pakai buku-buku perpustakaan pada perpustakaan pusat Universitas Janabadra Yogyakartacdisusun oleh Bayu Budiarto aYogyakartab[s.n.]c1996 avi, 73, [8] lembarc30 cm aSkripsi Fakultas Hukum Universitas Janabadra Yogyakarta aBibliografi : lembar 73 aHukum perjanjian aYOPDYOG(B) a31-01-08 a1 a07A0027932